[Event "9th Calgary International"]
[Site "Calgary"]
[Date "2016.07.28"]
[Round "3.12"]
[White "Bates, Darren"]
[Black "Timmerman, Brian"]
[Result "1/2-1/2"]
[WhiteElo "1867"]
[BlackElo "1524"]
[PlyCount "60"]
[EventDate "2016.07.27"]
[EventType "swiss"]
[EventRounds "9"]
[EventCountry "CAN"]

1. e4 c5 2. Nf3 e6 3. d4 cxd4 4. Nxd4 Nc6 5. Be3 Qc7 6. Be2 Nf6 7. Nd2 Be7 8.
f4 d6 9. O-O O-O 10. a3 Nxd4 11. Bxd4 e5 12. Be3 exf4 13. Bxf4 Be6 14. Kh1 Rac8
15. c4 Bd7 16. Bd3 Ng4 17. h3 Ne5 18. Be2 f5 19. Rc1 Bc6 20. exf5 Rxf5 21. c5
Rcf8 22. Qb3+ Kh8 23. cxd6 Bxd6 24. Bg3 Rxf1+ 25. Rxf1 Rxf1+ 26. Bxf1 h6 27.
Be2 Qd7 28. Kh2 Qc7 29. Kh1 Qd7 30. Bh2 Qc7 1/2-1/2

[Event "9th Calgary International"]
[Site "Calgary"]
[Date "2016.07.28"]
[Round "3.13"]
[White "Ebrahim-Shirazi, Behrooz"]
[Black "Wang, Jeff"]
[Result "1-0"]
[WhiteElo "2050"]
[BlackElo "1844"]
[PlyCount "77"]
[EventDate "2016.07.27"]
[EventType "swiss"]
[EventRounds "9"]
[EventCountry "CAN"]

1. d4 Nf6 2. c4 e6 3. Nc3 Bb4 4. e3 O-O 5. Bd3 d5 6. cxd5 exd5 7. Nge2 Re8 8.
O-O c6 9. Bd2 Nbd7 10. f3 c5 11. a3 cxd4 12. exd4 Bd6 13. Rc1 Nf8 14. Bg5 Be6
15. Nb5 Bb8 16. Qc2 h6 17. Bh4 Qe7 18. Rfe1 Rc8 19. Nbc3 N8d7 20. Qb3 Nb6 21.
a4 Qc7 22. Bxf6 Qxh2+ 23. Kf2 Bh3 24. Rg1 gxf6 25. a5 Nd7 26. Qxd5 Rc6 27. a6
Rd6 28. Qe4 f5 29. Qe8+ Kg7 30. axb7 Rg6 31. bxa8=Q Bg3+ 32. Kf1 Bxg2+ 33. Rxg2
Qh1+ 34. Ng1 Bb8 35. Rxg6+ Kxg6 36. Qxd7 Bh2 37. Qg8+ Kh5 38. Qxf5+ Kh4 39.
Qfg4# 1-0

[Event "9th Calgary International"]
[Site "Calgary"]
[Date "2016.07.28"]
[Round "3.14"]
[White "Sasata, Alexander"]
[Black "Kostadinov, Georgi"]
[Result "0-1"]
[WhiteElo "1829"]
[BlackElo "2018"]
[PlyCount "54"]
[EventDate "2016.07.27"]
[EventType "swiss"]
[EventRounds "9"]
[EventCountry "CAN"]

1. e4 c5 2. Nc3 Nc6 3. f4 g6 4. Nf3 Bg7 5. Bb5 Nd4 6. Nxd4 Bxd4 7. Ne2 Bg7 8.
d3 Qa5+ 9. Nc3 Bxc3+ 10. bxc3 Qxb5 11. O-O d6 12. f5 Bd7 13. c4 Qc6 14. Bb2 Nf6
15. fxg6 hxg6 16. e5 dxe5 17. Bxe5 O-O-O 18. d4 Bg4 19. Qd3 cxd4 20. Qa3 Rh5
21. Bxf6 exf6 22. Qxa7 Qc7 23. Qa8+ Kd7 24. Qa4+ b5 25. cxb5 Qxh2+ 26. Kf2 Rf5+
27. Ke1 Qe5+ 0-1

[Event "9th Calgary International"]
[Site "Calgary"]
[Date "2016.07.28"]
[Round "3.15"]
[White "Nechio, Douglas"]
[Black "Dave, Bhavik"]
[Result "1/2-1/2"]
[WhiteElo "1906"]
[BlackElo "1669"]
[PlyCount "120"]
[EventDate "2016.07.27"]
[EventType "swiss"]
[EventRounds "9"]
[EventCountry "CAN"]

1. e4 e5 2. Nf3 Nc6 3. d4 exd4 4. Nxd4 Bc5 5. Nb3 Bb6 6. Nc3 Qf6 7. Qe2 Nge7 8.
h4 h6 9. Be3 d6 10. O-O-O Bxe3+ 11. Qxe3 Bd7 12. Nd5 Nxd5 13. exd5+ Ne7 14. Re1
Kd8 15. Qd2 b6 16. Ba6 Re8 17. Nd4 Nf5 18. Nc6+ Bxc6 19. dxc6 Qd4 20. Rxe8+
Kxe8 21. Re1+ Kf8 22. Qe2 Qf4+ 23. Kb1 Qe5 24. Qxe5 dxe5 25. Rxe5 Nxh4 26. g3
Rd8 27. b3 Nf3 28. Re3 Nd4 29. Bb7 Rd6 30. Rd3 Ke7 31. Re3+ Re6 32. Rxe6+ Nxe6
33. b4 Kd6 34. c3 b5 35. Kc2 Nd8 36. c4 bxc4 37. Kc3 Nxc6 38. Kxc4 Ne5+ 39. Kb5
c6+ 40. Ka6 Nd3 41. a3 c5 42. b5 c4 43. Be4 Ke5 44. Bf3 Nxf2 45. Kxa7 c3 46. b6
c2 47. b7 c1=Q 48. b8=Q+ Kd4 49. Qd6+ Kc3 50. Qc5+ Kb2 51. Qxf2+ Kxa3 52. Bb7
Qg5 53. Qf3+ Kb4 54. Qe4+ Kc3 55. Qa4 Qc5+ 56. Kb8 Qf8+ 57. Ka7 Qc5+ 58. Ka8
Qf8+ 59. Ka7 Qc5+ 60. Kb8 Qf8+ 1/2-1/2

[Event "9th Calgary International"]
[Site "Calgary"]
[Date "2016.07.29"]
[Round "4.4"]
[White "Popilski, Gil"]
[Black "Collyer, Curt"]
[Result "1-0"]
[WhiteElo "2543"]
[BlackElo "2238"]
[PlyCount "117"]
[EventDate "2016.07.27"]
[EventType "swiss"]
[EventRounds "9"]
[EventCountry "CAN"]

1. e4 e6 2. d4 d5 3. Nd2 Nf6 4. e5 Nfd7 5. c3 c5 6. Bd3 b6 7. Ne2 Ba6 8. Bxa6
Nxa6 9. Nf4 b5 10. O-O Qb6 11. a4 cxd4 12. a5 Qc7 13. cxd4 Nb4 14. Ra3 Nc6 15.
Rd3 Qxa5 16. Qh5 g6 17. Qh3 Qb6 18. Nf3 Bg7 19. Ng5 Nd8 20. Nxf7 Kxf7 21. Nxd5
Qc6 22. Qf3+ Ke8 23. Nc7+ Qxc7 24. Qxa8 Nb6 25. Qf3 Nd5 26. Bd2 Qf7 27. Qe2 b4
28. Rc1 Qd7 29. h4 Rf8 30. h5 Rf5 31. hxg6 hxg6 32. Rg3 Ne7 33. Bxb4 Ndc6 34.
Bd6 Nxd4 35. Qe4 Rf4 36. Qd3 Ndc6 37. Qb5 Rf5 38. f4 Rxf4 39. Rd3 Rf5 40. Bxe7
Rxe5 41. Qxc6 Qxc6 42. Rxc6 Kxe7 43. Rc7+ Kf6 44. Rdd7 Bh6 45. Rf7+ Kg5 46.
Rxa7 Re4 47. b3 Kg4 48. Ra4 Be3+ 49. Kf1 Bd4 50. Rc4 e5 51. Rf3 Kg5 52. b4 Rh4
53. Rg3+ Kf5 54. Rh3 Rg4 55. b5 Ke6 56. b6 Rf4+ 57. Rf3 Rh4 58. Rb3 Rf4+ 59.
Ke2 1-0

[Event "9th Calgary International"]
[Site "Calgary"]
[Date "2016.07.29"]
[Round "4.5"]
[White "Brown, Michael W"]
[Black "Kazmaier, Daniel"]
[Result "1-0"]
[WhiteElo "2425"]
[BlackElo "2194"]
[PlyCount "103"]
[EventDate "2016.07.27"]
[EventType "swiss"]
[EventRounds "9"]
[EventCountry "CAN"]

1. d4 d6 2. Nf3 f5 3. g3 Nf6 4. Bg2 g6 5. O-O Bg7 6. c4 O-O 7. Nc3 c6 8. Re1
Nbd7 9. e4 fxe4 10. Nxe4 Nxe4 11. Rxe4 e5 12. Bg5 Qe8 13. dxe5 Nxe5 14. Qxd6
Rxf3 15. Bf4 Qd7 16. Bxe5 Qxd6 17. Bxd6 Rd3 18. Re8+ Kf7 19. Re7+ Kf6 20. c5
Bf8 21. Re8 Bxd6 22. cxd6 Rxd6 23. Bh3 Bxh3 24. Rxa8 Rd2 25. b4 a6 26. Rb8 Rd7
27. Re1 h5 28. Rf8+ Kg7 29. Rfe8 Kf6 30. f3 Rd2 31. R1e2 Rd4 32. Rf8+ Kg5 33.
Rb2 h4 34. Kf2 Be6 35. Ke3 Rc4 36. gxh4+ Kh6 37. Rb8 b5 38. Ra8 Bd5 39. Rxa6
Rc3+ 40. Kd4 Rc4+ 41. Ke5 Bxf3 42. Rf2 Bh1 43. Rf4 Rc2 44. Kd6 Kh5 45. h3 Rc3
46. Ra8 Kh6 47. Rf7 Rd3+ 48. Kc5 g5 49. Rf6+ Kg7 50. hxg5 Rd5+ 51. Kb6 Rxg5 52.
Rd6 1-0

[Event "9th Calgary International"]
[Site "Calgary"]
[Date "2016.07.29"]
[Round "4.7"]
[White "Timmerman, Brian"]
[Black "Bruzon, Lazaro"]
[Result "0-1"]
[WhiteElo "1524"]
[BlackElo "2643"]
[PlyCount "50"]
[EventDate "2016.07.27"]
[EventType "swiss"]
[EventRounds "9"]
[EventCountry "CAN"]

1. e4 c5 2. Nf3 e6 3. d4 cxd4 4. Nxd4 a6 5. Nc3 Qc7 6. g3 Nf6 7. Bg2 Be7 8. O-O
d6 9. Be3 O-O 10. f4 Re8 11. g4 Bf8 12. g5 Nfd7 13. Nb3 Nc6 14. Rf3 b5 15. Rh3
g6 16. a3 Bg7 17. Qe1 Rb8 18. Qh4 Nf8 19. f5 exf5 20. Nd5 Qd8 21. Nf6+ Bxf6 22.
gxf6 f4 23. Nd4 Ne5 24. Bxf4 Bxh3 25. Bxe5 dxe5 0-1

[Event "9th Calgary International"]
[Site "Calgary"]
[Date "2016.07.29"]
[Round "4.8"]
[White "Kavutskiy, Konstantin"]
[Black "Shi, Diwen"]
[Result "0-1"]
[WhiteElo "2388"]
[BlackElo "2132"]
[PlyCount "86"]
[EventDate "2016.07.27"]
[EventType "swiss"]
[EventRounds "9"]
[EventCountry "CAN"]

1. d4 Nf6 2. c4 Nc6 3. Nf3 e6 4. Nc3 Bb4 5. Qc2 d6 6. Bd2 e5 7. a3 Bxc3 8. Bxc3
e4 9. d5 exf3 10. dxc6 fxe2 11. Bxe2 bxc6 12. O-O-O O-O 13. Bf3 Bg4 14. Rd4
Bxf3 15. gxf3 Re8 16. Rg1 Re6 17. Rh4 Kf8 18. Qf5 g6 19. Qg5 Ke8 20. Qa5 Kd7
21. f4 Nh5 22. Rxh5 gxh5 23. Qxh5 Qe7 24. Qf5 f6 25. Kb1 Qf7 26. Ka1 Rg8 27.
Rd1 Qg6 28. Qh3 Qg4 29. Qxh7+ Rg7 30. Qc2 Qxf4 31. c5 d5 32. h3 Qc4 33. Qd2 Qe2
34. Qc1 Qxf2 35. Bd4 Qf3 36. h4 Qh5 37. Rf1 Qxh4 38. Qc3 Rg3 39. Bxf6 Rxc3 40.
Bxh4 Rxc5 41. Rf7+ Ke8 42. Rxc7 a5 43. Kb1 a4 0-1

[Event "9th Calgary International"]
[Site "Calgary"]
[Date "2016.07.29"]
[Round "4.9"]
[White "Langer, Michael"]
[Black "Findlay, Ian"]
[Result "1-0"]
[WhiteElo "2245"]
[BlackElo "2245"]
[PlyCount "49"]
[EventDate "2016.07.27"]
[EventType "swiss"]
[EventRounds "9"]
[EventCountry "CAN"]

1. e4 c5 2. Nf3 d6 3. d4 cxd4 4. Nxd4 Nf6 5. Nc3 g6 6. Be3 Bg7 7. f3 Nc6 8. Qd2
O-O 9. O-O-O d5 10. Qe1 e5 11. Nxc6 bxc6 12. exd5 Nxd5 13. Bc4 Be6 14. Ne4 Qc7
15. Bc5 Rfd8 16. Qh4 h6 17. Bb3 a5 18. a4 Rab8 19. g4 f5 20. gxf5 gxf5 21. Rhg1
fxe4 22. Qxh6 Bf5 23. Rxg7+ Qxg7 24. Rg1 Qxg1+ 25. Bxg1 1-0

[Event "9th Calgary International"]
[Site "Calgary"]
[Date "2016.07.29"]
[Round "4.10"]
[White "Kostadinov, Georgi"]
[Black "Sasata, Robert"]
[Result "1/2-1/2"]
[WhiteElo "2018"]
[BlackElo "2286"]
[PlyCount "188"]
[EventDate "2016.07.27"]
[EventType "swiss"]
[EventRounds "9"]
[EventCountry "CAN"]

1. d4 Nf6 2. c4 e6 3. g3 c5 4. d5 exd5 5. cxd5 b5 6. Bg2 d6 7. Nh3 Be7 8. a4 b4
9. Nd2 O-O 10. Nc4 Nbd7 11. O-O Nb6 12. Ne3 a5 13. b3 Ne4 14. Bxe4 Bxh3 15. Re1
Bf6 16. Rb1 Re8 17. Qd3 g6 18. Bb2 Bxb2 19. Rxb2 Qf6 20. Rd2 Qc3 21. Bf3 Qxd3
22. Rxd3 Bd7 23. Rc1 f5 24. h4 Kg7 25. Rd2 Re7 26. Nc4 Nxc4 27. Rxc4 Bc8 28.
Rc1 Ba6 29. e3 Re5 30. Bg2 Kf6 31. Bf1 Bb7 32. Bc4 Rae8 33. Kg2 h6 34. Rcd1 Bc8
35. Bb5 R8e7 36. Kf3 Re4 37. Rc1 Rh7 38. Rh1 Bb7 39. Bc4 Rhe7 40. Rc1 Re8 41.
Kg2 Ra8 42. Rd3 Bc8 43. Rd2 Bd7 44. Bd3 Re5 45. Bc4 Be8 46. Rcd1 Bf7 47. Kg1
Re4 48. Bd3 Re7 49. Bc4 Rg8 50. Kg2 Be8 51. Rc1 Re5 52. Re1 Bd7 53. Rc1 Rh8 54.
Rh1 Re4 55. Bd3 Ree8 56. Bc4 Bc8 57. Re1 Bb7 58. f3 g5 59. hxg5+ hxg5 60. Rdd1
Re7 61. f4 Rhe8 62. Kf2 Bc8 63. Rh1 Kg6 64. fxg5 Kxg5 65. Rh4 Rxe3 66. Rdh1
R3e4 67. Rh5+ Kf6 68. Rh6+ Ke5 69. Bd3 Kd4 70. Bxe4 fxe4 71. Rxd6 e3+ 72. Ke1
Kc3 73. Rc6 c4 74. Rxc4+ Kxb3 75. Rc7 Kxa4 76. d6 Rd8 77. Ke2 Ba6+ 78. Kxe3
Rxd6 79. Rc5 b3 80. Rh4+ Ka3 81. Rxa5+ Kb2 82. Rh2+ Kc3 83. Rc5+ Bc4 84. Rh4
Rd3+ 85. Kf2 Rd4 86. Rh1 b2 87. Ke3 Rd3+ 88. Kf4 Rd4+ 89. Ke3 Rd3+ 90. Kf4 Kb4
91. Re5 Ba2 92. Ree1 Kc5 93. Rh5+ Rd5 94. Rxd5+ Kxd5 1/2-1/2

[Event "9th Calgary International"]
[Site "Calgary"]
[Date "2016.07.29"]
[Round "4.11"]
[White "Bates, Darren"]
[Black "Haessel, Dale"]
[Result "0-1"]
[WhiteElo "1867"]
[BlackElo "2187"]
[PlyCount "100"]
[EventDate "2016.07.27"]
[EventType "swiss"]
[EventRounds "9"]
[EventCountry "CAN"]

1. e4 e5 2. Nf3 Nc6 3. Bb5 a6 4. Bxc6 dxc6 5. d4 exd4 6. Qxd4 Qxd4 7. Nxd4 Nf6
8. f3 Bd7 9. Be3 O-O-O 10. Nd2 Bd6 11. Nc4 Bc5 12. Nb3 Bxe3 13. Nxe3 Rhe8 14.
O-O-O b6 15. Rd2 Re5 16. Rhd1 Rde8 17. Nc4 R5e7 18. Ne3 a5 19. Nd4 g6 20. g4 c5
21. Ne2 Bc6 22. Ng3 h6 23. h4 Re6 24. c4 a4 25. Nd5 Kb7 26. g5 hxg5 27. hxg5
Nd7 28. f4 f6 29. gxf6 Nxf6 30. f5 gxf5 31. exf5 Rd6 32. Nxf6 Rxf6 33. Nh5 Rf7
34. Rf2 Re4 35. b3 axb3 36. axb3 Re3 37. Kb2 Bf3 38. Rxf3 Rxf3 39. f6 Rf5 40.
Rd5 Rxd5 41. cxd5 c6 42. dxc6+ Kxc6 43. Kc3 b5 44. Kd3 Kd5 45. Ke3 Ke5 46. Kd3
Rxf6 47. Nxf6 Kxf6 48. Ke4 Ke6 49. Kd3 Kd5 50. Kc3 Ke4 0-1

[Event "9th Calgary International"]
[Site "Calgary"]
[Date "2016.07.29"]
[Round "4.12"]
[White "Sinanan, Joshua"]
[Black "Wu, Chenxi"]
[Result "1-0"]
[WhiteElo "2175"]
[BlackElo "1757"]
[PlyCount "51"]
[EventDate "2016.07.27"]
[EventType "swiss"]
[EventRounds "9"]
[EventCountry "CAN"]

1. d4 Nf6 2. c4 e6 3. g3 Bb4+ 4. Bd2 Bxd2+ 5. Qxd2 d5 6. Nf3 O-O 7. Bg2 b6 8.
cxd5 exd5 9. Nc3 Bb7 10. O-O Nbd7 11. Rac1 Rc8 12. Nb5 a6 13. Na7 Ra8 14. Nc6
Qe8 15. Nfe5 Nxe5 16. dxe5 Bxc6 17. exf6 gxf6 18. Qc3 Bb5 19. Qxf6 Qxe2 20.
Rfe1 Qd2 21. Red1 Qe2 22. Rxd5 Rfe8 23. Rg5+ Kf8 24. Qh6+ Ke7 25. Rxc7+ Bd7 26.
Rd5 1-0

[Event "9th Calgary International"]
[Site "Calgary"]
[Date "2016.07.29"]
[Round "4.13"]
[White "Sklenka, Steve"]
[Black "Ebrahim-Shirazi, Behrooz"]
[Result "0-1"]
[WhiteElo "1479"]
[BlackElo "2050"]
[PlyCount "68"]
[EventDate "2016.07.27"]
[EventType "swiss"]
[EventRounds "9"]
[EventCountry "CAN"]

1. d4 d5 2. c4 e6 3. Nf3 Nf6 4. Nc3 Be7 5. Bg5 h6 6. Bh4 O-O 7. e3 b6 8. cxd5
Nxd5 9. Bxe7 Qxe7 10. Nxd5 exd5 11. a3 Be6 12. Bd3 c5 13. dxc5 bxc5 14. b3 a5
15. O-O Rc8 16. e4 Qb7 17. exd5 Bxd5 18. Bc4 Bxf3 19. gxf3 Nc6 20. Kh1 Nd4 21.
Ra2 Rab8 22. Rd2 Re8 23. Rd3 Re5 24. Rg1 Rbe8 25. Qc1 Ne2 26. Qd2 Nxg1 27. Kxg1
Qc6 28. Re3 Rxe3 29. fxe3 Qxf3 30. Qxa5 Rxe3 31. Qd8+ Kh7 32. Qh4 Re4 33. Qf2
Rg4+ 34. Kf1 Qd1+ 0-1

[Event "9th Calgary International"]
[Site "Calgary"]
[Date "2016.07.29"]
[Round "4.14"]
[White "Tolentino, Patrick"]
[Black "Nechio, Douglas"]
[Result "0-1"]
[WhiteElo "1876"]
[BlackElo "1906"]
[PlyCount "52"]
[EventDate "2016.07.27"]
[EventType "swiss"]
[EventRounds "9"]
[EventCountry "CAN"]

1. e4 c5 2. Nc3 g6 3. f4 Bg7 4. Nf3 Nc6 5. Bb5 Nd4 6. Bc4 e6 7. Nxd4 cxd4 8.
Ne2 Ne7 9. d3 O-O 10. O-O d5 11. Bb3 Bd7 12. Ng3 b5 13. f5 exf5 14. exf5 Bxf5
15. Nxf5 Nxf5 16. Qf3 Rc8 17. Bd2 a5 18. a4 b4 19. Rac1 Rc5 20. Rf2 Qd7 21. Bg5
f6 22. Bf4 Re8 23. c4 dxc3 24. bxc3 bxc3 25. Bc2 Nd4 26. Qg3 Ne2+ 0-1

[Event "9th Calgary International"]
[Site "Calgary"]
[Date "2016.07.29"]
[Round "4.15"]
[White "Dave, Bhavik"]
[Black "Wang, Jeff"]
[Result "1/2-1/2"]
[WhiteElo "1669"]
[BlackElo "1844"]
[PlyCount "64"]
[EventDate "2016.07.27"]
[EventType "swiss"]
[EventRounds "9"]
[EventCountry "CAN"]

1. d4 Nf6 2. c4 e6 3. Nc3 Bb4 4. Qc2 Nc6 5. e3 e5 6. d5 Ne7 7. Bd3 O-O 8. Bd2
a5 9. Nf3 d6 10. a3 Bc5 11. O-O Bd7 12. Ne2 a4 13. Ng3 Re8 14. h4 c6 15. dxc6
Nxc6 16. Ne4 Nxe4 17. Bxe4 h6 18. Bc3 Be6 19. Bd5 Bxd5 20. cxd5 Ne7 21. Bxe5
dxe5 22. Qxc5 Qxd5 23. Rac1 Ra5 24. Qxd5 Nxd5 25. Rc4 f6 26. Rd1 Re7 27. e4 Nf4
28. g3 Ne6 29. Rb4 Rc7 30. Rd6 Kf7 31. Nd2 b5 32. b3 axb3 1/2-1/2

[Event "9th Calgary International"]
[Site "Calgary"]
[Date "2016.07.30"]
[Round "5.3"]
[White "Troff, Kayden"]
[Black "Brown, Michael W"]
[Result "1-0"]
[WhiteElo "2543"]
[BlackElo "2425"]
[PlyCount "99"]
[EventDate "2016.07.27"]
[EventType "swiss"]
[EventRounds "9"]
[EventCountry "CAN"]

1. d4 Nf6 2. c4 e6 3. Nf3 Bb4+ 4. Nbd2 d6 5. a3 Bxd2+ 6. Qxd2 a5 7. b3 O-O 8.
e3 Qe7 9. Bb2 Nbd7 10. Be2 e5 11. dxe5 dxe5 12. O-O b6 13. Qc2 Bb7 14. Rad1
Rfe8 15. h3 h6 16. Nh4 Nc5 17. Nf5 Qe6 18. f3 Bc6 19. g4 h5 20. e4 hxg4 21.
hxg4 Nfd7 22. Rf2 Nf8 23. Rh2 Rad8 24. Rxd8 Rxd8 25. Qc1 f6 26. Qf1 Ng6 27. Qh3
Qf7 28. g5 Ne6 29. Bc1 fxg5 30. c5 b5 31. a4 Rb8 32. Qh7+ Kf8 33. Qh8+ Qg8 34.
Qh5 Qf7 35. Bxg5 Nxg5 36. Qxg5 Be8 37. axb5 Qf6 38. Qxf6+ gxf6 39. Rh6 Rd8 40.
Bc4 Rd1+ 41. Kf2 a4 42. bxa4 Rc1 43. Be6 Rxc5 44. Rh7 Rc2+ 45. Ke1 Rg2 46. Kf1
Rg5 47. Kf2 Rg2+ 48. Kxg2 Nf4+ 49. Kf2 Nxe6 50. Re7 1-0

[Event "9th Calgary International"]
[Site "Calgary"]
[Date "2016.07.30"]
[Round "5.5"]
[White "Bruzon, Lazaro"]
[Black "Langer, Michael"]
[Result "1-0"]
[WhiteElo "2643"]
[BlackElo "2245"]
[PlyCount "55"]
[EventDate "2016.07.27"]
[EventType "swiss"]
[EventRounds "9"]
[EventCountry "CAN"]

1. Nf3 c5 2. c4 Nf6 3. d4 cxd4 4. Nxd4 e5 5. Nb5 d5 6. cxd5 Bc5 7. N5c3 O-O 8.
g3 Qb6 9. e3 Bg4 10. Be2 Bxe2 11. Qxe2 e4 12. a3 a5 13. Nd2 Re8 14. Qc4 Nbd7
15. Ndxe4 Nxe4 16. Nxe4 Ne5 17. Qe2 Qb3 18. Nxc5 Qxd5 19. e4 Qxc5 20. O-O Nc6
21. Rd1 f5 22. Be3 Rxe4 23. Rd7 Qe5 24. Rad1 f4 25. Qf3 fxe3 26. Qf7+ Kh8 27.
Rd8+ Qe8 28. R1d7 1-0

[Event "9th Calgary International"]
[Site "Calgary"]
[Date "2016.07.30"]
[Round "5.6"]
[White "Shi, Diwen"]
[Black "Mikhalevski, Victor"]
[Result "0-1"]
[WhiteElo "2132"]
[BlackElo "2545"]
[PlyCount "96"]
[EventDate "2016.07.27"]
[EventType "swiss"]
[EventRounds "9"]
[EventCountry "CAN"]

1. e4 e5 2. Nf3 Nc6 3. Nc3 Nf6 4. Bb5 Bb4 5. O-O O-O 6. d3 d6 7. Bg5 Ne7 8. Nh4
c6 9. Bc4 d5 10. Bb3 Qd6 11. f4 Bxc3 12. bxc3 dxe4 13. fxe5 Qxe5 14. Bxf6 gxf6
15. dxe4 Qxc3 16. Qd6 Ng6 17. Nxg6 hxg6 18. Qxf6 Qxf6 19. Rxf6 Kg7 20. Raf1 Bf5
21. Rd6 Bxe4 22. Rd7 b5 23. Rfxf7+ Rxf7 24. Rxf7+ Kh6 25. Re7 Bf5 26. Rc7 Rd8
27. Rxc6 Rd2 28. Rc3 Be4 29. Rg3 a5 30. a4 b4 31. c3 bxc3 32. Rh3+ Kg5 33. Rxc3
Rxg2+ 34. Kf1 Rxh2 35. Rc5+ Kf4 36. Rxa5 Rb2 37. Bc4 Rc2 38. Bb3 Rc3 39. Bd5
Bd3+ 40. Kf2 Rc2+ 41. Ke1 Ke3 42. Bb3 Re2+ 43. Kd1 Rb2 44. Re5+ Kf4 45. Rd5
Rxb3 46. a5 Ke3 47. Re5+ Be4 48. Ke1 Rb1# 0-1

[Event "9th Calgary International"]
[Site "Calgary"]
[Date "2016.07.30"]
[Round "5.8"]
[White "Collyer, Curt"]
[Black "Sinanan, Joshua"]
[Result "1/2-1/2"]
[WhiteElo "2238"]
[BlackElo "2175"]
[PlyCount "97"]
[EventDate "2016.07.27"]
[EventType "swiss"]
[EventRounds "9"]
[EventCountry "CAN"]

1. d4 Nf6 2. c4 c5 3. d5 e5 4. Nc3 d6 5. e4 Be7 6. Bd3 O-O 7. h3 Ne8 8. Nf3 f5
9. exf5 Bxf5 10. Bxf5 Rxf5 11. O-O Nd7 12. Be3 g6 13. Qe2 Ng7 14. g4 Rf7 15.
Nd2 a6 16. f4 exf4 17. Rxf4 Rxf4 18. Bxf4 Bf6 19. Nce4 Be5 20. Bxe5 Nxe5 21.
Qf2 Ne8 22. Rf1 Qe7 23. Ng5 h6 24. Ne6 Ng7 25. Qf6 Qxf6 26. Rxf6 Nxe6 27. Rxe6
Rd8 28. b3 b5 29. Kf2 bxc4 30. Nxc4 Nxc4 31. bxc4 Kf7 32. Kf3 a5 33. a3 Rb8 34.
Rxd6 Rb3+ 35. Kf4 Rc3 36. Ra6 Rxc4+ 37. Ke5 Ra4 38. Kd6 Rxa3 39. Kc7 Rd3 40. d6
Ke6 41. d7+ Ke7 42. Rxg6 Rxd7+ 43. Kc6 Rd3 44. Rxh6 c4 45. Kb5 c3 46. Rc6 Rxh3
47. Kxa5 Rg3 48. Kb4 Rxg4+ 49. Kxc3 1/2-1/2

[Event "9th Calgary International"]
[Site "Calgary"]
[Date "2016.07.30"]
[Round "5.9"]
[White "Kazmaier, Daniel"]
[Black "Ebrahim-Shirazi, Behrooz"]
[Result "1-0"]
[WhiteElo "2194"]
[BlackElo "2050"]
[PlyCount "71"]
[EventDate "2016.07.27"]
[EventType "swiss"]
[EventRounds "9"]
[EventCountry "CAN"]

1. e4 e6 2. d4 d5 3. e5 c5 4. c3 Nc6 5. Nf3 Bd7 6. a3 Nge7 7. b4 cxd4 8. cxd4
Nf5 9. Bb2 b5 10. Nc3 a6 11. Bd3 g6 12. O-O Qb6 13. Ne2 h5 14. h4 a5 15. bxa5
Nxa5 16. Bc3 Nc4 17. Bxf5 gxf5 18. Bb4 Bc6 19. Qc1 Be7 20. Rd1 Qd8 21. g3 Kd7
22. Nf4 Qg8 23. Qc3 Ra4 24. Nd3 Qa8 25. Nc5+ Bxc5 26. Bxc5 Rg8 27. Ng5 Rg7 28.
Bb4 Qg8 29. Nh3 Rg4 30. Kh2 Re4 31. Nf4 Rxf4 32. gxf4 Qg4 33. Qg3 Ra8 34. f3
Qg6 35. Rg1 Rg8 36. Qg5 1-0

[Event "9th Calgary International"]
[Site "Calgary"]
[Date "2016.07.30"]
[Round "5.10"]
[White "Nechio, Douglas"]
[Black "Kavutskiy, Konstantin"]
[Result "0-1"]
[WhiteElo "1906"]
[BlackElo "2373"]
[PlyCount "74"]
[EventDate "2016.07.27"]
[EventType "swiss"]
[EventRounds "9"]
[EventCountry "CAN"]

1. e4 c5 2. Nf3 e6 3. d3 Nc6 4. g3 Nf6 5. Bg2 e5 6. O-O Be7 7. Qe2 O-O 8. Na3
Re8 9. Bg5 d6 10. Nc4 h6 11. Bxf6 Bxf6 12. Ne3 g6 13. c3 Bg7 14. Nh4 b5 15. a4
b4 16. Rfd1 Rb8 17. Qd2 Na5 18. Qe1 Bd7 19. Nc4 Nxc4 20. dxc4 Be6 21. Bf1 Rf8
22. b3 Kh7 23. Qd2 bxc3 24. Qxc3 f5 25. Bh3 Qd7 26. f3 Rf7 27. Rab1 Rbf8 28.
exf5 gxf5 29. Qd3 Rd8 30. g4 e4 31. fxe4 fxg4 32. e5+ Kg8 33. Qg6 gxh3 34. Rxd6
Qe7 35. Qxe6 Qxh4 36. Rf1 Qg5+ 37. Kh1 Qg2# 0-1

[Event "9th Calgary International"]
[Site "Calgary"]
[Date "2016.07.30"]
[Round "5.11"]
[White "Sasata, Robert"]
[Black "Timmerman, Brian"]
[Result "1-0"]
[WhiteElo "2286"]
[BlackElo "2524"]
[PlyCount "53"]
[EventDate "2016.07.27"]
[EventType "swiss"]
[EventRounds "9"]
[EventCountry "CAN"]

1. d4 Nf6 2. c4 e6 3. Nc3 Bb4 4. Qc2 O-O 5. a3 Bxc3+ 6. Qxc3 b6 7. Bg5 Bb7 8.
e3 h6 9. Bh4 d6 10. Ne2 Nbd7 11. Qc2 Qe8 12. Nc3 e5 13. O-O-O exd4 14. exd4 Kh8
15. f3 Qe7 16. Re1 Qd8 17. Be2 Re8 18. Rhg1 Nf8 19. g4 Ng6 20. Bg3 Qd7 21. h4
Kg8 22. h5 Nf8 23. Bh4 N8h7 24. f4 Rxe2 25. Qxe2 Re8 26. Qd1 Rxe1 27. Bxe1 1-0

[Event "9th Calgary International"]
[Site "Calgary"]
[Date "2016.07.30"]
[Round "5.12"]
[White "Findlay, Ian"]
[Black "Kostadinov, Georgi"]
[Result "1/2-1/2"]
[WhiteElo "2245"]
[BlackElo "2018"]
[PlyCount "129"]
[EventDate "2016.07.27"]
[EventType "swiss"]
[EventRounds "9"]
[EventCountry "CAN"]

1. e4 c5 2. Nf3 d6 3. d4 cxd4 4. Nxd4 Nf6 5. Nc3 a6 6. Be2 e5 7. Nb3 Be6 8. O-O
Be7 9. Be3 Nbd7 10. Qd3 Rc8 11. Nd5 Bxd5 12. exd5 Nb6 13. Bxb6 Qxb6 14. c4 g6
15. Kh1 O-O 16. f4 exf4 17. Rxf4 Nd7 18. Qd4 Bg5 19. Re4 Rfe8 20. Rd1 Qxd4 21.
Rxe8+ Rxe8 22. Nxd4 Bf6 23. Bf1 Re4 24. Nf3 b6 25. b3 Bc3 26. Rc1 Re3 27. Rc2
f5 28. Re2 Rxe2 29. Bxe2 h6 30. Kg1 Kg7 31. Kf2 Nc5 32. Ke3 a5 33. Bd1 Kf6 34.
Bc2 g5 35. g3 Bb2 36. Ke2 Ne4 37. Ke3 Nc5 38. Ke2 Bc3 39. Ke3 Bb2 40. Ke2 Be5
41. Kf2 h5 42. h4 g4 43. Ng5 f4 44. gxf4 Bxf4 45. Ne6 Be5 46. Nxc5 Bd4+ 47. Kg2
Bxc5 48. Bd3 Bb4 49. Kf2 Bd2 50. Bc2 Bc3 51. Bd3 Ke5 52. Bg6 Kf4 53. Bxh5 Bf6
54. Kg2 Bxh4 55. a3 Kg5 56. Be8 Be1 57. Bd7 Kf4 58. b4 axb4 59. axb4 Bxb4 60.
Bc8 Bc5 61. Bd7 Bd4 62. Be8 Be5 63. Bd7 Ke4 64. Bb5 Kd4 65. Ba6 1/2-1/2

[Event "9th Calgary International"]
[Site "Calgary"]
[Date "2016.07.30"]
[Round "5.13"]
[White "Dave, Bhavik"]
[Black "Bates, Darren"]
[Result "0-1"]
[WhiteElo "1669"]
[BlackElo "1867"]
[PlyCount "56"]
[EventDate "2016.07.27"]
[EventType "swiss"]
[EventRounds "9"]
[EventCountry "CAN"]

1. d4 f5 2. g3 d5 3. Bg2 Nf6 4. c4 e6 5. Nh3 Bb4+ 6. Bd2 Qe7 7. O-O Bxd2 8.
Nxd2 c6 9. Qc2 Nbd7 10. cxd5 cxd5 11. Nf3 O-O 12. Qc7 b6 13. Nf4 Ba6 14. Qc2
Ne4 15. Qa4 Bb7 16. Rac1 Qd6 17. Rc2 e5 18. Nd3 exd4 19. Rfc1 Ndc5 20. Qxd4 Ne6
21. Qe5 Qxe5 22. Nfxe5 Nd4 23. Nb4 Nxc2 24. Rxc2 Rac8 25. Nbc6 Rfe8 26. Bxe4
dxe4 27. Rc3 Re6 28. Nd4 Rxe5 0-1